| 000 -LEADER |
| fixed length control field |
00917nam a22002297a 4500 |
| 003 - CONTROL NUMBER IDENTIFIER |
| control field |
OSt |
| 005 - DATE AND TIME OF LATEST TRANSACTION |
| control field |
20260123084727.0 |
| 008 - FIXED-LENGTH DATA ELEMENTS--GENERAL INFORMATION |
| fixed length control field |
230708b ||||| |||| 00| 0 eng d |
| 040 ## - CATALOGING SOURCE |
| Transcribing agency |
SSBUL |
| 041 ## - LANGUAGE CODE |
| Language code of text/sound track or separate title |
Shan |
| 082 ## - DEWEY DECIMAL CLASSIFICATION NUMBER |
| Classification number |
808.882 |
| 100 ## - MAIN ENTRY--PERSONAL NAME |
| Personal name |
ဢမ်းမမ်ႊမမ်ႊ (ထုင်ႉမၢဝ်း) |
| 245 ## - TITLE STATEMENT |
| Title |
သဵင်ဢုပ်ႇၶဝ်လႄႈမွၼ်းၵႂၢမ်း / |
| Statement of responsibility, etc. |
ဢမ်းမမ်ႊမမ်ႊ (ထုင်ႉမၢဝ်း) |
| 260 ## - PUBLICATION, DISTRIBUTION, ETC. |
| Date of publication, distribution, etc. |
2001 |
| 300 ## - PHYSICAL DESCRIPTION |
| Extent |
215 ၼႃႈ |
| Dimensions |
16 ၸိၼႇထီႇ |
| 500 ## - GENERAL NOTE |
| General note |
ပပ်ႉၸဝ်ႈတႃႇၼႁင်းၶေႃတွၵ်ႉတိူဝ်ႇၸၢႆးဢွင်ႇထုၼ်းလူႇတၢၼ်းဝႆႉ |
|
| General note |
S-SAT: Dr. Prof Sai Aung Tun |
| 650 ## - SUBJECT ADDED ENTRY--TOPICAL TERM |
| Topical term or geographic name entry element |
လွၼ်ႉမွၼ်းၵႂၢမ်း |
| 942 ## - ADDED ENTRY ELEMENTS (KOHA) |
| Koha item type |
Book (Short term) |
| 100 ## - MAIN ENTRY--PERSONAL NAME |
| 9 (RLIN) |
27610 |
| 650 ## - SUBJECT ADDED ENTRY--TOPICAL TERM |
| 9 (RLIN) |
23086 |
|
| Source of classification or shelving scheme |
|
|
| Source of classification or shelving scheme |
|